Grand Generals of the People's Republic of China - Statistics

General Stats
  • This quiz has been taken 6 times
  • The average score is 5 of 10
Answer Stats
Picture Hint Answer % Correct
1907-1984 Su Yu
100%
1903-1961 Chen Geng
67%
1906-1978 Luo Ruiqing
67%
1903-1989 Xiao Jinguang
67%
1902-1986 Huang Kecheng
33%
1906-1988 Tan Zheng
33%
1905-1974 Wang Shusheng
33%
1908-1969 Xu Guangda
33%
1900-1970 Xu Haidong
33%
1892-1974 Zhang Yunyi
33%
No matching quizzes found
Score Distribution
Percent of People with Each Score
Percentile by Number Answered
Your Score History
You have not taken this quiz